Statistics for Morocco Quiz!

Click here to take the quiz!

General Stats

  • This quiz has been taken 646 times
  • The average score is 13 of 19

Answer Stats

HintAnswer% Correct
Capital cityRabat
98%
Largest city, also the name of a famous movieCasablanca
97%
Official language #1Arabic
95%
Colonial languageFrench
85%
Feature on the Moroccan FlagFive-Pointed Star
84%
Most popular sportSoccer (Football)
84%
Desert to the eastSahara Desert
82%
Largest mountain rangeAtlas Mountains
77%
Oldest ethnic group and official language #2Berber
77%
City with largest open-air market (souk)Marrakech
74%
National dishCouscous
71%
Disputed territory to the southWestern Sahara
68%
CurrencyDirham
66%
Strait to the northStrait of Gibraltar
60%
Two Spanish cities in MoroccoCeuta
59%
Current kingMohammed VI
57%
Melilla
44%
Type of walled citadelKasbah
22%
Meaning of name in above languageThe Western Kingdom
4%

Score Distribution

Percentile by Number Answered

Percent of People with Each Score

Your Score History

You have not taken this quiz